000 00471nam a2200181Ia 4500
008 230711s9999||||xx |||||||||||||| ||und||
020 _a978-0-07-014611-2
041 _aENG
082 _a621.3
_bKO-B
100 _aKothari,D.P
245 0 _aBasic Electrical Engineering
250 _a3rd Ed.
260 _c2010
_aNew Delhi
_bMcGraw Hill Education(India) Private Limited
300 _a746p.
650 _aElectrical Engineering
700 _aNagrath,I.J
942 _cBK
999 _c6229
_d6229